The plays of Eugene O´Neill: a critical commentary
Salvato in:
| Autore principale: | |
|---|---|
| Natura: | Libro |
| Lingua: | English |
| Pubblicazione: |
New York, Estados Unidos
Monarch Press
1965
|
| Soggetti: | |
| Tags: |
Aggiungi Tag
Nessun Tag, puoi essere il primo ad aggiungerne!!
|
MARC
| LEADER | 00000nam a2200000Ia 4500 | ||
|---|---|---|---|
| 008 | 170316s9999 xx 000 0 eng d | ||
| 040 | |a cru BVZT | ||
| 090 | |a C-810 R-1p | ||
| 100 | |a Rogers, David | ||
| 245 | 4 | |a The plays of Eugene O´Neill: a critical commentary | |
| 260 | |a New York, Estados Unidos | ||
| 260 | |b Monarch Press | ||
| 260 | |c 1965 | ||
| 300 | |a 83 páginas | ||
| 650 | |a LITERATURA ESTADOUNIDENSE | ||
| 650 | |a CRÍTICA | ||
| 942 | |c 15 D | ||
| 999 | |c 12867 |d 12867 | ||
